Statistiken für Meistbesuchte Länder von Schweden

Klicken Sie hier um das Quiz zu spielen!

Allgemein

  • Dieses Quiz wurde 81 mal gespielt
  • Das Durchschnittsergebnis liegt bei 10 aus 12

Antwortstatistiken

# Reisen Land % Korrekt
1'140'000Finnland
99%
916'000Norwegen
99%
792'000Deutschland
99%
596'000Italien
97%
534'000Vereinigte Staaten
97%
2'040'000Spanien
96%
1'180'000Dänemark
93%
831'000Vereinigtes Königreich
86%
578'000Frankreich
83%
626'000Griechenland
68%
728'000Türkei
65%
344'000Thailand
39%

Verteilung der Resultate

Perzentil nach korrekt beantworteten Fragen

Anzahl Personen mit jedem Resultat

Ihre Resultats-Entwicklung

Sie haben dieses Quiz noch nicht gespielt